Chvála pohybu /

Main Author: Koyš, Pavel, 1932-1993
Other Authors: Gerbóc, Jozef, 1942-2000, Stopiak, Dušan, 1953-1991
Language: Slovak
Published: Bratislava : Slovenský spisovateľ, 1982
Edition: 1. vyd.
Physical Description: 223 s.
Book
Saved in:
LEADER 00793nam a2200229 a 4500
001 000477666
003 CZ BrMZK
005 20080702121124.0
007 ta
008 010907s1982 xo e slo d
040 |a BOA001  |b cze 
100 1 |a Koyš, Pavel,  |d 1932-1993  |7 jn20000728322  |4 aut 
245 1 0 |a Chvála pohybu /  |c Pavel Koyš ; zost. a rozhovor s aut. pripr. Jozef Gerbóc ; il. Dušan Stopiak 
250 |a 1. vyd. 
260 |a Bratislava :  |b Slovenský spisovateľ,  |c 1982 
300 |a 223 s. 
700 1 |a Gerbóc, Jozef,  |d 1942-2000  |7 ola2002150186  |4 com  |4 ivr 
700 1 |a Stopiak, Dušan,  |d 1953-1991  |7 mzk2005289878  |4 ill 
910 |a BOA001  |b 3-0846.816 
990 |a BK 
991 |b 200806 
996 7 |b 2619551879  |c 3-0846.816  |l MZK  |r Sklad / do 1 hodiny  |n 0  |w 000477666  |u 000010  |a 1  |e BOA001  |j MZK50  |s A